| 000 | 01093nab a2200241 i 4500 | ||
|---|---|---|---|
| 001 | 768714001 | ||
| 003 | CO-MdFUSB | ||
| 005 | 20240815152834.0 | ||
| 008 | 240815t1925 cr ||||| |||| 00| 0 eng d | ||
| 040 |
_bspa _cCO-MdFUSB _dCO-MdFUSB |
||
| 041 | _aeng | ||
| 100 |
_aMcConnell, Leroy W., _eautor |
||
| 245 |
_aFaith os a grain of mustard seed _c/ Rev. Leroy W. McConnell |
||
| 520 | _aCon la fe como una simple semilla, puedes moverte de un lugar a otro y aún así encontrar el camino. Palabras de nuestro Señor Jesús, el gran revelador de las leyes espirituales de la vida, el poder y el logro en el universo; y no olvidemos que el Espíritu es lo que gobierna el Universo, crea y forma la materia. | ||
| 546 | _aTexto en inglés. | ||
| 650 | 0 |
_aPredicación _954 |
|
| 650 | 7 |
_aFe _9531 |
|
| 650 | 0 |
_aVida espiritual _951 |
|
| 650 | 7 |
_aHermenéutica bíblica _97333 |
|
| 773 | 0 |
_070761 _982969 _oR2742 _tLatin America Mission _w(CO-MdFUSB)768714001 _gVolumen 4, (número 11, 1925), páginas: 3 - 5 _qpágina: 3 |
|
| 942 | _cANA | ||
| 945 | _aCatherine Arias Álvarez - Practicante SENA | ||
| 999 |
_c70878 _d70878 |
||